Central Library OPAC University of Rajshahi

রবীন্দ্র - রচনায় আইনি ভাবনা / (Record no. 74212)

MARC details
000 -LEADER
fixed length control field 01055nam a2200241 a 4500
001 - CONTROL NUMBER
control field 74212
003 - CONTROL NUMBER IDENTIFIER
rucl marc code BD-RjUL
005 - DATE AND TIME OF LATEST TRANSACTION
control field 20211209082519.0
008 - FIXED-LENGTH DATA ELEMENTS--GENERAL INFORMATION
fixed length control field 180402t20142002bg ||||| b||| 00| 0 ben d
020 ## - INTERNATIONAL STANDARD BOOK NUMBER
International Standard Book Number 9789845061834
Terms of availability Tk.250.00
035 ## - SYSTEM CONTROL NUMBER
System control number (BD-RjUL)74430
040 ## - CATALOGING SOURCE
Original cataloging agency BD-RjUL
Language of cataloging eng
Transcribing agency BD-RjUL
041 ## - LANGUAGE CODE
Language code of text/sound track or separate title ben
082 ## - DEWEY DECIMAL CLASSIFICATION NUMBER
Edition number 23
Classification number 891.44143554
Author mark and year RAR 2019
100 1# - MAIN ENTRY--PERSONAL NAME
Personal name রহমান, মুহম্মদ হাবিবুর
9 (RLIN) 220875
245 10 - TITLE STATEMENT
Title রবীন্দ্র - রচনায় আইনি ভাবনা /
Statement of responsibility, etc. মুহম্মদ হাবিবুর রহমান,
260 ## - PUBLICATION, DISTRIBUTION, ETC. (IMPRINT)
Place of publication, distribution, etc. ঢাকা :
Name of publisher, distributor, etc. দি ইউনিভার্সিটি প্রেস ,
Date of publication, distribution, etc. ২০০২ [মুদ্রণ ২০১৪, ২০১৯ ]
300 ## - PHYSICAL DESCRIPTION
Pagination [৭] , ১৪৭ পৃ. ;
Size ২২ সেমি.
504 ## - BIBLIOGRAPHY, ETC. NOTE
Bibliography, etc গ্রন্থপঞ্জি সংযোজিত
650 ## - SUBJECT ADDED ENTRY--TOPICAL TERM
Topical term or geographic name as entry element বাংলা সাহিত্য
Form subdivision আইনি ভাবনা
9 (RLIN) 220876
Topical term or geographic name as entry element Bengali Literature
Form subdivision Legal idea
9 (RLIN) 220877
942 ## - ADDED ENTRY ELEMENTS (KOHA)
Source of classification or shelving scheme Dewey Decimal Classification
Koha item type Books
Holdings
Lost status Source of classification or shelving scheme Damaged status Not for loan Collection code Permanent Location Current Location Shelving location Date acquired Source of acquisition Cost, normal purchase price Total Checkouts Full call number Date last seen Copy number Koha item type
  Dewey Decimal Classification   Not For Loan Non-fiction Central Library, University of Rajshahi Central Library, University of Rajshahi Reading Room 09/12/2021 Rajshahi VidyaSagar 250.00   B 891.44143554 RAR 2014 02/04/2018 C-1 Books
  Dewey Decimal Classification     Non-fiction Central Library, University of Rajshahi Central Library, University of Rajshahi   09/12/2021 Rajshahi VidyaSagar 250.00   B 891.44143554 RAR 2014 02/04/2018 C-2 Books
  Dewey Decimal Classification     Non-fiction Central Library, University of Rajshahi Central Library, University of Rajshahi   09/12/2021 Rajshahi VidyaSagar 250.00   B 891.44143554 RAR 2014 02/04/2018 C-3 Books
  Dewey Decimal Classification     Non-fiction Central Library, University of Rajshahi Central Library, University of Rajshahi   30/10/2019 Biddasagar, Rajshahi 300.00   B 891.44143554 RAR 2019 20/11/2019 C-4 Books
  Dewey Decimal Classification     Non-fiction Central Library, University of Rajshahi Central Library, University of Rajshahi   30/10/2019 Biddasagar, Rajshahi 300.00   B 891.44143554 RAR 2019 20/11/2019 C-5 Books
  Dewey Decimal Classification     Non-fiction Central Library, University of Rajshahi Central Library, University of Rajshahi   30/10/2019 Biddasagar, Rajshahi 250.00   B 891.44143554 RAR 2014 20/11/2019 C-6 Books